000 00278nam a22001217a 4500
082 _a920
_bTHO/G
100 _aTHOMAS,B.J
245 _aGREAT PERSONALITIES OF THE WORLD
260 _aCHENNAI
_bSPIDER BOOKS
300 _a144
650 _aGREAT PERSONALITIES
_zCHENNAI
942 _cBK
999 _c6541
_d6541